[Event "OP-2010-0-01160"]
[Site "LSS email"]
[Date "2010.05.15"]
[Round "?"]
[White "Elliott, Rich"]
[Black "Bester, Kazimierz"]
[Result "0-1"]
[WhiteElo "1500"]
[BlackElo "783"]
[PlyCount "38"]
[EventDate "2010.05.10"]
[EventType "tourn (corr)"]
[EventRounds "4"]
[EventCountry "GER"]
[SourceTitle "Telechess CBM 141"]
[Source "ChessBase"]
[SourceDate "2011.03.17"]
[SourceVersion "1"]
[SourceVersionDate "2011.03.17"]
[SourceQuality "1"]

1. e4 c5 2. Nf3 Nc6 3. d4 cxd4 4. Nxd4 Nf6 5. Nc3 e5 6. Ndb5 Bb4 7. Nd6+ Bxd6 8. Qxd6 Qe7 9. Qxe7+ Nxe7 10. Bg5 Ng6 11. Bxf6 gxf6 12. Nd5 0-0 13. Nxf6+ Kg7 14. Nh5+ Kh6 15. Ng3 d6 16. 0-0-0 Rd8 17. f3 Nf4 18. Ne2 Nxe2+ 19. Bxe2 Be6 0-1

[Event "OP-2010-0-01153"]
[Site "LSS email"]
[Date "2010.05.08"]
[Round "?"]
[White "Elliott, Rich"]
[Black "Peetoom, Frank F"]
[Result "1-0"]
[WhiteElo "1500"]
[BlackElo "1505"]
[PlyCount "37"]
[EventDate "2010.05.02"]
[EventType "tourn (corr)"]
[EventRounds "4"]
[EventCountry "GER"]
[SourceTitle "Telechess CBM 141"]
[Source "ChessBase"]
[SourceDate "2011.03.17"]
[SourceVersion "1"]
[SourceVersionDate "2011.03.17"]
[SourceQuality "1"]

1. e4 c5 2. Nf3 d6 3. d4 cxd4 4. Nxd4 Nf6 5. Nc3 g6 6. Be3 Bg7 7. f3 0-0 8. Qd2 Bd7 9. Bc4 Nc6 10. h4 Ne5 11. Bb3 h5 12. Bh6 Qc8 13. 0-0-0 a6 14. Bxg7 Kxg7 15. g4 Nfxg4 16. fxg4 Bxg4 17. Rdf1 b5 18. Nd5 e6 19. Nb6 1-0